000 00505nam a2200169 4500
001 130977
003 ES-MaACL
005 20230906193906.0
007 t|
008 070214s1968 sp r ||||1| spa d
100 1 _aRock, Phillip.
_998080
245 1 3 _aUn marino singular /
_cPhillip Rock ; traducción de Antonio Tomás Todoli.
260 _aBarcelona :
_bTaber,
_c1968.
300 _a280 p., 4 lám. ;
_c21 cm.
700 1 _aTomás Todolí, Antonio.
_9110530
852 _aES-MaACL
_jC-34664
_bR.67130
999 _c130977
_d130977